<?xml version="1.0" encoding="UTF-8"?><?xml-stylesheet type="text/xsl" href="static/style.xsl"?><OAI-PMH xmlns="http://www.openarchives.org/OAI/2.0/" xmlns:xsi="http://www.w3.org/2001/XMLSchema-instance" xsi:schemaLocation="http://www.openarchives.org/OAI/2.0/ http://www.openarchives.org/OAI/2.0/OAI-PMH.xsd"><responseDate>2026-04-17T02:19:12Z</responseDate><request verb="GetRecord" identifier="oai:www.recercat.cat:2445/228107" metadataPrefix="marc">https://recercat.cat/oai/request</request><GetRecord><record><header><identifier>oai:recercat.cat:2445/228107</identifier><datestamp>2026-04-07T18:08:09Z</datestamp><setSpec>com_2072_1057</setSpec><setSpec>col_2072_478858</setSpec><setSpec>col_2072_478917</setSpec></header><metadata><record xmlns="http://www.loc.gov/MARC21/slim" xmlns:dcterms="http://purl.org/dc/terms/" xmlns:xsi="http://www.w3.org/2001/XMLSchema-instance" xmlns:doc="http://www.lyncode.com/xoai" xsi:schemaLocation="http://www.loc.gov/MARC21/slim http://www.loc.gov/standards/marcxml/schema/MARC21slim.xsd">
   <leader>00925njm 22002777a 4500</leader>
   <datafield ind2=" " ind1=" " tag="042">
      <subfield code="a">dc</subfield>
   </datafield>
   <datafield ind2=" " ind1=" " tag="720">
      <subfield code="a">Llull Estrany, Laura</subfield>
      <subfield code="e">author</subfield>
   </datafield>
   <datafield ind2=" " ind1=" " tag="720">
      <subfield code="a">Santana Moreno, Daniel</subfield>
      <subfield code="e">author</subfield>
   </datafield>
   <datafield ind2=" " ind1=" " tag="720">
      <subfield code="a">Pedrosa Eguílaz, Leire</subfield>
      <subfield code="e">author</subfield>
   </datafield>
   <datafield ind2=" " ind1=" " tag="720">
      <subfield code="a">Laredo Gregorio, Carlos</subfield>
      <subfield code="e">author</subfield>
   </datafield>
   <datafield ind2=" " ind1=" " tag="720">
      <subfield code="a">Torné Torné, Ramon</subfield>
      <subfield code="e">author</subfield>
   </datafield>
   <datafield ind2=" " ind1=" " tag="720">
      <subfield code="a">Planas Obradors, Anna Maria</subfield>
      <subfield code="e">author</subfield>
   </datafield>
   <datafield ind2=" " ind1=" " tag="720">
      <subfield code="a">Chamorro Sánchez, Ángel</subfield>
      <subfield code="e">author</subfield>
   </datafield>
   <datafield ind2=" " ind1=" " tag="720">
      <subfield code="a">Amaro Delgado, Sergio</subfield>
      <subfield code="e">author</subfield>
   </datafield>
   <datafield ind2=" " ind1=" " tag="720">
      <subfield code="a">Mosteiro, Alejandra</subfield>
      <subfield code="e">author</subfield>
   </datafield>
   <datafield ind2=" " ind1=" " tag="720">
      <subfield code="a">Zattera, Luigi</subfield>
      <subfield code="e">author</subfield>
   </datafield>
   <datafield ind2=" " ind1=" " tag="720">
      <subfield code="a">Hurtado Restrepo, Paola A.</subfield>
      <subfield code="e">author</subfield>
   </datafield>
   <datafield ind2=" " ind1=" " tag="720">
      <subfield code="a">Werner, Mariano</subfield>
      <subfield code="e">author</subfield>
   </datafield>
   <datafield ind2=" " ind1=" " tag="720">
      <subfield code="a">Martín, Abraham</subfield>
      <subfield code="e">author</subfield>
   </datafield>
   <datafield ind2=" " ind1=" " tag="720">
      <subfield code="a">Chamorro Sánchez, Ángel</subfield>
      <subfield code="e">author</subfield>
   </datafield>
   <datafield ind2=" " ind1=" " tag="260">
      <subfield code="c">2026-03-16T10:23:29Z</subfield>
   </datafield>
   <datafield ind2=" " ind1=" " tag="260">
      <subfield code="c">2026-03-16T10:23:29Z</subfield>
   </datafield>
   <datafield ind2=" " ind1=" " tag="260">
      <subfield code="c">2025-09-01</subfield>
   </datafield>
   <datafield ind2=" " ind1=" " tag="260">
      <subfield code="c">2026-03-12T13:07:05Z</subfield>
   </datafield>
   <datafield ind2=" " ind1=" " tag="520">
      <subfield code="a">BACKGROUND: Spontaneous aneurysmal subarachnoid hemorrhage induces early blood-brain barrier permeability dysfunction, although its clinical relevance and underlying mechanisms remain poorly understood. We aimed to evaluate the association between blood-brain barrier disruption, quantified with dynamic contrast-enhanced magnetic resonance imaging at the end of the early brain injury period, circulating neuroinflammatory mediators, and long-term clinical outcomes. METHODS: We analyzed a prospective cohort of subarachnoid hemorrhage patients who underwent dynamic contrast-enhanced magnetic resonance imaging at a median (interquartile range) of 4 (2-6) days after clinical onset. Permeability maps were used to obtain K-trans values as a measure of increased blood-brain barrier permeability in the whole brain, gray matter, and white matter. Circulating neuroinflammatory molecules, including IL (interleukin) 8 and PDGF (platelet-derived growth factor), were measured using Multiplex-ELISA in blood samples collected concurrently with magnetic resonance imaging acquisition. Poor clinical outcome was defined as a modified Rankin Scale score of &amp;gt;2 at 90 days. Associations between K-trans values, neuroinflammatory mediators, and clinical outcomes were assessed using univariate and multivariate regression models. RESULTS: From 153 patients initially screened, 96 were finally included (63% females; median age, 55 years; 43% premorbid hypertension; 32% World Federation of Neurosurgical Societies grade 4-5; 31% poor outcome). In adjusted linear regression analyses, higher K-trans values were significantly associated with increased IL-8 (P=0.001) and PDGF (P=0.018) levels. In univariate analysis, K-trans values in white matter were significantly higher in patients with poor clinical outcome (median [interquartile range], 2.5 [2.07-6.09] x10(-3)min(-1)) compared with good clinical outcome (median [interquartile range], 2.0 [1.60-2.42] x10(-3)min(-1); P</subfield>
   </datafield>
   <datafield tag="653" ind2=" " ind1=" ">
      <subfield code="a">Barrera hematoencefàlica</subfield>
   </datafield>
   <datafield tag="653" ind2=" " ind1=" ">
      <subfield code="a">Embòlia i trombosi cerebral</subfield>
   </datafield>
   <datafield tag="653" ind2=" " ind1=" ">
      <subfield code="a">Blood-brain barrier</subfield>
   </datafield>
   <datafield tag="653" ind2=" " ind1=" ">
      <subfield code="a">Cerebral embolism and thrombosis</subfield>
   </datafield>
   <datafield ind2="0" ind1="0" tag="245">
      <subfield code="a">Blood-Brain Barrier Disruption Predicts Poor Outcome in Subarachnoid Hemorrhage: A Dynamic Contrast-Enhanced MRI Study</subfield>
   </datafield>
</record></metadata></record></GetRecord></OAI-PMH>